Textbook of logistics and supply chain management / (Record no. 302)

000 -LEADER
fixed length control field 00418 a2200145 4500
008 - FIXED-LENGTH DATA ELEMENTS--GENERAL INFORMATION
fixed length control field 221028b ||||| |||| 00| 0 eng d
020 ## - INTERNATIONAL STANDARD BOOK NUMBER
International Standard Book Number 9789385750045
082 00 - DEWEY DECIMAL CLASSIFICATION NUMBER
Classification number 658.5
Item number A261
100 ## - MAIN ENTRY--PERSONAL NAME
Personal name Agarwal, D. K.
245 ## - TITLE STATEMENT
Title Textbook of logistics and supply chain management /
260 ## - PUBLICATION, DISTRIBUTION, ETC. (IMPRINT)
Place of publication, distribution, etc New Delhi:
Name of publisher, distributor, etc Laxmi Publications,
Date of publication, distribution, etc 2016.
300 ## - PHYSICAL DESCRIPTION
Extent xvi, 356 p.
650 #0 - SUBJECT ADDED ENTRY--TOPICAL TERM
Topical term or geographic name as entry element Business Logistics
942 ## - ADDED ENTRY ELEMENTS (KOHA)
Source of classification or shelving scheme
Item type Books
Holdings
Withdrawn status Lost status Source of classification or shelving scheme Damaged status Not for loan Permanent location Current location Date acquired Source of acquisition Cost, normal purchase price Total Checkouts Full call number Barcode Date last seen Date last borrowed Cost, replacement price Koha item type
          IMU Kolkata IMU Kolkata 2017-03-23 Sterling Book House 280.00 1 658.5 A261 12260 2022-12-27 2022-10-06 350.00 Books
          IMU Kolkata IMU Kolkata 2017-03-23 Sterling Book House 280.00 3 658.5 A261 12261 2022-10-27 2022-10-18 350.00 Books
          IMU Kolkata IMU Kolkata 2017-03-23 Sterling Book House 280.00 1 658.5 A261 12262 2025-03-03 2025-02-13 350.00 Books
Designed and Maintained by IMU-KC Library, Kolkata Campus © Copyright All Rights Reserved

webs counters

Powered by Koha